00370 2200157 4500001002100000008004100021035002000062245003300082100001300115250000600128260003000134084001400164082000800178650001400186990001200200INLIS000000000001545 ind  a0010-0125000043 aTerampil WawancaracR. Fadli aR. Fadli a1 aJakarta :bGrasindoc2003 a600 FAD t a600 aNon Fiksi a0715294